Pathfinders : (Record no. 5015)

MARC details
000 -LEADER
fixed length control field 01192cam a2200313 a 4500
001 - CONTROL NUMBER
control field 14406776
005 - DATE AND TIME OF LATEST TRANSACTION
control field 20160708093919.0
008 - FIXED-LENGTH DATA ELEMENTS--GENERAL INFORMATION
fixed length control field 060609s2006 enkab b 001 0 eng
010 ## - LIBRARY OF CONGRESS CONTROL NUMBER
LC control number 2006018927
015 ## - NATIONAL BIBLIOGRAPHY NUMBER
National bibliography number GBA653918
Source bnb
016 7# - NATIONAL BIBLIOGRAPHIC AGENCY CONTROL NUMBER
Record control number 013489986
Source Uk
020 ## - INTERNATIONAL STANDARD BOOK NUMBER
International Standard Book Number 0199295905 (alk. paper)
035 ## - SYSTEM CONTROL NUMBER
System control number (OCoLC)ocm70107031
035 ## - SYSTEM CONTROL NUMBER
System control number (OCoLC)70107031
040 ## - CATALOGING SOURCE
Original cataloging agency DLC
Transcribing agency DLC
Modifying agency UKM
-- BWKUK
-- DLC
050 00 - LIBRARY OF CONGRESS CALL NUMBER
Classification number G80
Item number .F37 2006
082 00 - DEWEY DECIMAL CLASSIFICATION NUMBER
Classification number 910.9
Edition number 22
100 1# - MAIN ENTRY--PERSONAL NAME
Personal name Fernández-Armesto, Felipe.
245 10 - TITLE STATEMENT
Title Pathfinders :
Remainder of title a global history of exploration /
Statement of responsibility, etc. Felipe Fernández-Armesto.
260 ## - PUBLICATION, DISTRIBUTION, ETC. (IMPRINT)
Place of publication, distribution, etc. Oxford ;
-- New York :
Name of publisher, distributor, etc. Oxford University Press,
Date of publication, distribution, etc. 2006.
300 ## - PHYSICAL DESCRIPTION
Extent xvii, 428 p. :
Other physical details ill. (some col.), maps ;
Dimensions 25 cm.
504 ## - BIBLIOGRAPHY, ETC. NOTE
Bibliography, etc Includes bibliographical references and index.
650 #0 - SUBJECT ADDED ENTRY--TOPICAL TERM
Topical term or geographic name as entry element Discoveries in geography.
650 #0 - SUBJECT ADDED ENTRY--TOPICAL TERM
Topical term or geographic name as entry element Explorers
General subdivision History.
856 41 - ELECTRONIC LOCATION AND ACCESS
Materials specified Table of contents only
Uniform Resource Identifier <a href="http://www.loc.gov/catdir/toc/ecip0615/2006018927.html">http://www.loc.gov/catdir/toc/ecip0615/2006018927.html</a>
906 ## - LOCAL DATA ELEMENT F, LDF (RLIN)
a 7
b cbc
c orignew
d 1
e ecip
f 20
g y-gencatlg
942 ## - ADDED ENTRY ELEMENTS (KOHA)
Source of classification or shelving scheme Library of Congress Classification
Koha item type Books in General collection
Holdings
Withdrawn status Lost status Source of classification or shelving scheme Damaged status Not for loan Home library Current library Date acquired Total Checkouts Full call number Barcode Date last seen Copy number Price effective from Koha item type
    Dewey Decimal Classification     Mzuzu University Library and Learning Resources Centre Mzuzu University Library and Learning Resources Centre 08/07/2016   G 80 FER 2006 MzULM-008778 08/07/2016 008778 08/07/2016 Books in General collection